000 00456nam a2200181Ia 4500
003 OSt
005 20240314113249.0
008 210210b1907 xxu||||| |||| 00| 0 eng d
040 _cAL
041 _aeng
082 _a425/206
100 _aNesfield (J C)
_9154230
245 _aSenior course composition
260 _aLondon
_bThe Macmillan Company of India Limited
_c1907
690 _aEnglish Grammar
_9154234
906 _a005982
942 _2ddc
_cBK
999 _c129041
_d129041